• 首页
  • 本馆介绍
  • 公告通知
  • 最新文献
  • 馆藏检索
  • 电子资源
  • 读者导购
  • 参考咨询
  • 我的图书馆
  • 登录
  • 详细信息显示
  • 放入我的书架
  • 预约/预借图书
  • 作者相关作品
  • 分类相关作品
  • 丛书相关作品
  • 出版社相关作品

书目信息

  • 表格格式
  • 工作单格式
  • 卡片格式
题名:
婚姻家庭案件审判精要
    
 
作者: 沈志先 主编
分册:  
出版信息: 北京   法律出版社  2013
页数: 376页
开本: 23cm
丛书名: 法官智库丛书
单 册:
中图分类: D923.904
科图分类:
主题词: 婚姻法--基本知识--中国 , 婚姻法
电子资源:
ISBN: 978-7-5118-4876-5
000 00930nam0 2200277 450
001 523
005 20140908085537.90
010    @a978-7-5118-4876-5@dCNY52.00
100    @a20130628d2013 em y0chiy50 ea
101 0  @achi
102    @aCN@b110000
105    @ay z 000yy
106    @ar
200 1  @a婚姻家庭案件审判精要@dEssentials of marital and family justice@f沈志先主编@zeng
210    @a北京@c法律出版社@d2013
215    @a376页@d23cm
225 2  @a法官智库丛书@v22
330    @a本书分内容包括:婚姻效力案件的审理、婚姻案件中婚姻关系的处理、婚姻案件中子女问题的处理、离婚案件中财产关系的处理、分家析产案件的审理、继承案件的审理等。
410  0 @12001 @a法官智库丛书
510 1  @aEssentials of marital and family justice@zeng
606 0  @a婚姻法@x基本知识@y中国
606 0  @a婚姻法
690    @aD923.904@v5
701  0 @a沈志先@4主编
801  0 @aCN@bTANGWEI@c20140603
905    @b0842474-76@dD923.904@e1219@f3
    
    婚姻家庭案件审判精要=Essentials of marital and family justice/沈志先主编.-北京:法律出版社,2013
    376页;23cm.-(法官智库丛书;22)
    
    
    ISBN 978-7-5118-4876-5:CNY52.00
    本书分内容包括:婚姻效力案件的审理、婚姻案件中婚姻关系的处理、婚姻案件中子女问题的处理、离婚案件中财产关系的处理、分家析产案件的审理、继承案件的审理等。
●
相关链接 在E读中查询图书 在五车中查询图书 在当当中查询图书 在豆瓣中查询图书


正题名:婚姻家庭案件审判精要     索取号:D923.904/1219         预约/预借

序号 登录号 条形码 馆藏地/架位号 状态 备注
1 0842474   208424748   第一样本阅览室/ [索取号:D923.904/1219] 在馆    
2 0842475   208424757   第一借阅区/ [索取号:D923.904/1219] 在馆    
3 0842476   208424766   密集书库-史法系/ [索取号:D923.904/1219] 在馆    
唐山师范学院图书馆 欢迎您!
大连网信软件有限公司© 版权所有